Instrumenty wspomagajace zarzadzanie w przedsiebiorstwie
Guardado en:
| Otros Autores: | |
|---|---|
| Formato: | Libro |
| Lenguaje: | polaco inglés |
| Publicado: |
Poznan
Wydawnictwo Akademii Ekonomicznej w Poznaniu
1993
|
| Edición: | 1. wyd. |
| Colección: | Zeszyty naukowe
Zeszyt 215 |
| Materias: | |
| Etiquetas: |
Sin Etiquetas, Sea el primero en etiquetar este registro!
|
MARC
| LEADER | 00000nam a2200000 4500 | ||
|---|---|---|---|
| 001 | c014133 | ||
| 005 | 20250509102644.1 | ||
| 041 | 0 | |a pol | |
| 041 | 0 | |a eng | |
| 044 | |a PL | ||
| 245 | 1 | 0 | |a Instrumenty wspomagajace zarzadzanie w przedsiebiorstwie |c Ved. red. Tadeusz Mendel |
| 250 | |a 1. wyd. | ||
| 264 | 1 | |a Poznan |b Wydawnictwo Akademii Ekonomicznej w Poznaniu |c 1993 | |
| 300 | |a 96 s. | ||
| 490 | 1 | |a Zeszyty naukowe |v Zeszyt 215 | |
| 830 | 0 | |a Zeszyty naukowe |v Zeszyt 215 | |
| 610 | 2 | 0 | |a nástroje riadenia |
| 610 | 2 | 0 | |a riadenie podnikové |
| 610 | 2 | 0 | |a podnik |
| 610 | 2 | 0 | |a reštrukturalizácia |
| 610 | 2 | 0 | |a konkurzy |
| 610 | 2 | 0 | |a čas pracovný |
| 610 | 2 | 0 | |a motivácia |
| 700 | 1 | |a Mendel, Tadeusz | |